Estudios de literatura española

Сохранить в:
Библиографические подробности
Главный автор: Martínez Torrón, Diego (autor)
Формат:
Язык:испанский
Опубликовано: Barcelona Antrophos 1987
Серии:Ambitos literarios, ensayos, 18
Предметы:
Метки: Добавить метку
Нет меток, Требуется 1-ая метка записи!

MARC

LEADER 00000nam a2200000 a 4500
001 UCX0442
003 CL-VaPUC
008 891018e19870000SP |||||||||||||||||spa|d
082 0 4 |a 860.9  |b MAR  |2 21 
100 |a Martínez Torrón, Diego  |e autor  |9 323277 
245 1 0 |a Estudios de literatura española 
300 |a 474 p 
942 |c BK 
945 |d 19891018 00:00:00 
260 |a Barcelona  |b Antrophos  |c 1987 
650 0 |a Literatura española  |9 306261 
650 0 |a Historia y crítica   |9 257407 
583 |a last modification  |c 19891018 00:00:00  |k Rodrigo Vera 
490 0 |a Ambitos literarios, ensayos, 18 
999 |c 222044  |d 222042 
952 |0 0  |1 0  |4 0  |6 860_900000000000000_MAR_1987  |7 0  |8 A  |9 216221  |a FDOPOS  |b FDOPOS  |d 2019-11-15  |i 284821K  |o 860.9 MAR 1987  |p 284821K  |r 2025-01-22  |w 2019-11-15  |y BK  |k MLH 
952 |0 0  |1 0  |4 0  |6 860_900000000000000_MAR_1987  |7 0  |8 A  |9 216222  |a BIBEDU  |b BIBEDU  |d 2019-11-15  |i 2848228  |o 860.9 MAR 1987  |p 2848228  |r 2019-11-15  |w 2019-11-15  |y BK  |k LIT